[Event "Barcelona Sant Marti op-B 16th"]
[Site "Barcelona"]
[Date "2014.07.18"]
[Round "6"]
[White "Castellet Menchon, Didac"]
[Black "Garcia Punzano, Josep Lluis"]
[Result "0-1"]
[WhiteElo "2080"]
[BlackElo "1950"]
[PlyCount "134"]
[EventDate "2014.07.13"]
[EventType "swiss"]
[EventRounds "9"]
[EventCountry "ESP"]
[SourceTitle "CBM 161 Extra"]
[Source "ChessBase"]
[SourceDate "2014.08.29"]
[SourceVersion "1"]
[SourceVersionDate "2014.08.29"]
[SourceQuality "1"]

1. e4 c5 2. Nf3 d6 3. d4 cxd4 4. Nxd4 Nf6 5. Nc3 g6 6. Be2 Bg7 7. 0-0 0-0 8. Bg5 Nc6 9. Nb3 a6 10. f4 Qc7 11. Bf3 Rb8 12. Re1 b5 13. Nd5 Nxd5 14. exd5 Qb6+ 15. Kh1 Nd4 16. Bxe7 Re8 17. c3 Nf5 18. Bg5 Bb7 19. Rxe8+ Rxe8 20. g4 Ne3 21. Qe2 Rc8 22. Qf2 Bxd5 23. Re1 Bxf3+ 24. Qxf3 Nc4 25. Qe4 h6 26. Be7 Re8 27. Nd4 Bf8 28. Nc6 Nd2 29. Qg2 Nc4 30. f5 Ne3 31. Qf3 Nxg4 32. fxg6 fxg6 33. Qd5+ Kg7 34. Bxf8+ Rxf8 35. Qxd6 Qf2 36. Qd4+ Qxd4 37. cxd4 Rf2 38. h3 Rh2+ 39. Kg1 Rxh3 40. Rd1 Rh1+ 41. Kxh1 Nf2+ 42. Kg2 Nxd1 43. b3 Kf6 44. a4 bxa4 45. bxa4 Nc3 46. a5 Nd5 47. Nb8 Nb4 48. Nd7+ Ke6 49. Ne5 g5 50. Ng4 h5 51. Ne3 Nd5 52. Nc4 Nf4+ 53. Kf3 Kd5 54. Ne5 Kxd4 55. Nf7 Ne6 56. Nh6 Kc5 57. Ke4 g4 58. Nf5 Kb4 59. Ke5 Nc5 60. Kf4 Kxa5 61. Ng7 Kb4 62. Nxh5 a5 63. Ng3 a4 64. Ne2 a3 65. Nc1 Kc3 66. Na2+ Kb2 67. Nb4 Kb3 0-1

[Event "Barcelona Sant Marti op-B 13th"]
[Site "Barcelona"]
[Date "2011.07.20"]
[Round "8.1"]
[White "Castellet Menchon, Didac"]
[Black "Moreno Perez, Norberto"]
[Result "1-0"]
[WhiteElo "1802"]
[BlackElo "1955"]
[PlyCount "71"]
[EventDate "2011.07.13"]
[EventType "swiss"]
[EventRounds "9"]
[EventCountry "ESP"]
[SourceTitle "EXT 2024"]
[Source "ChessBase"]
[SourceDate "2023.10.10"]
[SourceVersion "1"]
[SourceVersionDate "2023.10.10"]
[SourceQuality "1"]

1. e4 c5 2. Nf3 Nc6 3. d4 cxd4 4. Nxd4 a6 5. Nc3 e6 6. Be3 Bb4 7. Bd3 Nge7 8. 0-0 Ne5 9. f4 Nxd3 10. cxd3 0-0 11. Qg4 d5 12. Qg3 Ba5 13. Rac1 f6 14. Na4 dxe4 15. dxe4 Bd2 16. Rcd1 Bxe3+ 17. Qxe3 Qa5 18. Qb3 Kh8 19. Nxe6 Bxe6 20. Qxe6 Qxa4 21. Qxe7 Rae8 22. Qxb7 Qxa2 23. Rd7 Rg8 24. e5 fxe5 25. f5 Rb8 26. Qc7 Rxb2 27. Qc6 Rc2 28. Qe4 Re2 29. Qg4 Qc2 30. Qf3 e4 31. Qg4 Qc5+ 32. Kh1 Qf2 33. Rdd1 Qe3 34. Qh4 Qc3 35. f6 gxf6 36. Rd7 1-0

[Event "Llinars del Valles op 3rd"]
[Site "Llinars del Valles"]
[Date "2009.05.02"]
[Round "3"]
[White "Delisau Gil, Oriol"]
[Black "Castellet Menchon, Didac"]
[Result "1/2-1/2"]
[WhiteElo "1669"]
[BlackElo "1777"]
[PlyCount "65"]
[EventDate "2009.04.18"]
[EventType "swiss"]
[EventRounds "7"]
[EventCountry "ESP"]
[SourceTitle "EXT 2011"]
[Source "ChessBase"]
[SourceDate "2010.11.26"]
[SourceVersion "1"]
[SourceVersionDate "2010.11.26"]
[SourceQuality "1"]

1. e4 c5 2. Nc3 e6 3. f4 a6 4. a4 d5 5. d3 Nc6 6. Nf3 Be7 7. g3 Nf6 8. Ne5 Nd4 9. Bg2 0-0 10. 0-0 Rb8 11. Kh1 b5 12. Ne2 Bb7 13. Nxd4 cxd4 14. axb5 axb5 15. Re1 dxe4 16. dxe4 Qc7 17. Qxd4 Qxc2 18. Qc3 Rbc8 19. Qxc2 Rxc2 20. Bf3 Bb4 21. Re3 Bc5 22. Re1 Bf2 23. Re2 Rxe2 24. Bxe2 Bxe4+ 25. Bf3 Bxf3+ 26. Nxf3 Ne4 27. Kg2 h6 28. Nd2 Nxd2 29. Bxd2 Bc5 30. Ra5 Rb8 31. Bc3 Kf8 32. Be5 Rd8 33. Rxb5 1/2-1/2